00893 a2200193 4500003000500000005001700005010001600022020001700038040000900055082001800064100002700082245007200109260003000181300001300211505031800224942001200542999001900554952012600573Nust20221228172341.0 a 83131823 a0852744137 : cNust a621.38804,SPR1 aSproson, W. N.910626910aColour science in television and display systems /bW. N. Spronson aBristol :bHilger,c1983. a[214] p. aIntroduction To Basic Colorimetry (Page-1), Colour Analysis For Cameras And Telecine Machines (Page-27), The TV Transmission System And The Concept Of Transmission Primaries (Page-60), Optical Components (Page-80), Colour Display Tubes (Page-100), Colour In Fine Detail (Page-119), Overall Assessment (Page-145). 2ddccBK c183415d183415 00102ddc4070aMCSbMCScGENd2016-12-12o621.38804,SPRpMCS6843r2016-12-08w2016-12-12yBKzAlmirah No.39, Shelf No.5